000 00883caa a22002417a 4500
999 _c413723
_d413723
001 126502
003 UA-OsUOA
005 20200116144949.0
007 ta
008 20171026b un ||||| |||| 00| 0 ukr d
040 _aUA-OsUOA
_bukr
_cUA-OsUOA
_dUA-OsUOA
041 _aukr
080 _a908
090 _a908
_bК14
100 _aКазначеєва Л.
245 _aЛистопадове повстання 1830 р. і соціальна трансформація волинського дворянського зібрання
_cЛ. Казначеєва
300 _aС. 189–199
650 7 _a908 Краєзнавство
_2UDC
773 0 _0340477
_9367361
_dОстрог 2007
_o113643
_tНаукові записки
_w(UA-OsUOA) 54347
_z966-7631-62-1
942 _cBKA
_2udc
955 _a1